| 000 | 00807na a2200229 4500 | ||
|---|---|---|---|
| 001 | 12997 | ||
| 003 | MIRAKIL | ||
| 005 | 20181213155101.0 | ||
| 008 | 161213b tu 000 0 | ||
| 035 | _a12997 | ||
| 040 |
_aMilas _btur _cTR-AnCHP |
||
| 082 |
_a291.5 _bK96 |
||
| 090 | _a291.5 K96 ty | ||
| 111 |
_aKüreselleşme ve Ahlaki Değerlerin Korunması: Risale-İ Nur Işığında Küreselleşme ve Ahlak _cİstanbul _d22-24 Eylül 2002 |
||
| 245 |
_aKüreselleşme ve Ahlaki Değerlerin Korunması _bRisale-İ Nur Işığında Küreselleşme ve Ahlak (Uluslararası Sempozyum) _cOliver Leaman |
||
| 260 |
_a[İstanbul] _b[ yayl. y.] _c[t.y] |
||
| 300 |
_a62 s. _c19 sm. |
||
| 650 | _aAhlak İlmi | ||
| 650 |
_aKüreselleşme _xAhlak _yToplantılar |
||
| 700 | _aLeaman, Oliver | ||
| 942 |
_2ddc _cBKS |
||
| 999 |
_c6244 _d6244 |
||